000 00851nam a22002537a 4500
003 DO-SdBNP
005 20240530073925.0
007 ta
008 210906b 2019 dr 00| 0 eng d
020 _a9789945894691 (rústica)
020 _a9789945917901 (tapa dura)
040 _aDO-SdBNP
_bspa
_cBNPHU
082 4 _aRD863.55
_bE77s
_222
100 1 _aEspaillat Cabral, Arnaldo
_910165
245 1 3 _aEl secreto del monje /
_cArnaldo Espaillat Cabral
260 _aSanto Domingo :
_bAcademia de Ciencias de la República Dominicana,
_c2019.
300 _a293 p. :
_bil. ;
_c23 cm..
500 _aIncluye datos biográficos del autor en la solapa de la cubierta
590 _aInventariado, 2021/BT
650 0 _aNovela dominicana
_9223
650 4 _aLiteratura dominicana
910 _aBtavárez/Validado. Control de calidad MFF
942 _2ddc
_cLBS1
999 _c50419
_d50419